[Event "POL-chT Academic"]
[Site "Chorzow"]
[Date "2022.04.02"]
[Round "3.3"]
[White "Fus, Jakub"]
[Black "Polczyk, Mikolaj"]
[Result "1-0"]
[WhiteElo "2261"]
[BlackElo "2016"]
[PlyCount "98"]
[EventDate "2022.04.02"]
[EventType "team-swiss (rapid)"]
[EventRounds "9"]
[EventCountry "POL"]
[SourceTitle "EXT 2024"]
[Source "ChessBase"]
[SourceDate "2023.10.10"]
[SourceVersion "1"]
[SourceVersionDate "2023.10.10"]
[SourceQuality "1"]

1. d4 Nf6 2. Nf3 e6 3. c4 d5 4. g3 Be7 5. Bg2 0-0 6. 0-0 dxc4 7. Qc2 a6 8. a4 Bd7 9. Rd1 Bc6 10. Bg5 Nbd7 11. Nbd2 Nd5 12. Bxe7 Qxe7 13. Nxc4 Nb4 14. Qc3 a5 15. Nce5 Nxe5 16. Nxe5 Bxg2 17. Kxg2 Rac8 18. Rdc1 Rfd8 19. e3 Qd6 20. Qc5 Qd5+ 21. Qxd5 Rxd5 22. Rc5 Rxc5 23. dxc5 Rd8 24. Rc1 Rd5 25. c6 b6 26. Nd7 Nd3 27. Rc3 Nxb2 28. Nxb6 Rd8 29. Rb3 Nd3 30. Nd7 Nb4 31. Nc5 Nxc6 32. Rb7 Rc8 33. Nb3 Kf8 34. Rb5 Ke7 35. Nxa5 Nxa5 36. Rxa5 c5 37. Ra7+ Kf6 38. Kf3 c4 39. Ke2 c3 40. Kd1 c2+ 41. Kc1 Rc4 42. a5 Ra4 43. Kxc2 Ra2+ 44. Kb3 Rxf2 45. Rc7 Rxh2 46. a6 Rh1 47. Rc2 Ra1 48. Ra2 Rb1+ 49. Kc4 Rb8 1-0

[Event "EU-ch Online U2300 Qual"]
[Site "Chess.com INT"]
[Date "2020.05.25"]
[Round "2"]
[White "Safin, Robert"]
[Black "Polczyk, Mikolaj"]
[Result "0-1"]
[WhiteElo "2287"]
[BlackElo "2118"]
[PlyCount "88"]
[EventDate "2020.05.25"]
[EventType "swiss"]
[EventRounds "8"]
[EventCountry "NET"]
[SourceTitle "EXT 2021"]
[Source "ChessBase"]
[SourceDate "2020.10.23"]
[SourceVersion "1"]
[SourceVersionDate "2020.10.23"]
[SourceQuality "1"]

1. d4 Nf6 2. Nf3 d5 3. c4 e6 4. g3 Be7 5. Bg2 0-0 6. 0-0 dxc4 7. Ne5 Nc6 8. Nxc6 bxc6 9. e3 Rb8 10. Qa4 c5 11. Rd1 Qd6 12. Qxc4 Rd8 13. b3 Rb4 14. Qc2 Rb8 15. Ba3 Bb7 16. Bxc5 Qd7 17. Bxe7 Qxe7 18. Nd2 Bxg2 19. Kxg2 e5 20. dxe5 Qxe5 21. Nc4 Qh5 22. Rd2 Rxd2 23. Qxd2 Ne4 24. Qd1 Qh6 25. Qd4 Ng5 26. h4 Qc6+ 27. Kf1 Qh1+ 28. Ke2 Qf3+ 29. Ke1 Ne4 30. Qb2 Rd8 31. Ne5 Qh1+ 32. Ke2 Qg2 33. Nd3 Nxg3+ 34. Kd2 Qxf2+ 35. Kc3 Rxd3+ 36. Kxd3 Qxb2 37. Rd1 Qe2+ 38. Kc3 Qxd1 39. h5 Ne4+ 40. Kb2 Qd2+ 41. Ka3 Qc3 42. h6 Nd6 43. hxg7 Nc4+ 44. Ka4 Qa5# 0-1

[Event "Raciborz op 20th"]
[Site "Raciborz"]
[Date "2020.01.16"]
[Round "8"]
[White "Ustianovich, Nazar"]
[Black "Polczyk, Mikolaj"]
[Result "1/2-1/2"]
[WhiteElo "2381"]
[BlackElo "2136"]
[PlyCount "35"]
[EventDate "2020.01.11"]
[EventType "swiss"]
[EventRounds "9"]
[EventCountry "POL"]
[SourceTitle "CBM 194 Extra"]
[Source "ChessBase"]
[SourceDate "2020.03.31"]
[SourceVersion "1"]
[SourceVersionDate "2020.03.31"]
[SourceQuality "1"]

1. Nf3 d5 2. d4 Nf6 3. c4 e6 4. g3 Be7 5. Bg2 0-0 6. 0-0 dxc4 7. Qc2 a6 8. a4 Bd7 9. Qxc4 Bc6 10. Bg5 Bd5 11. Qc1 c6 12. Rd1 h6 13. Bf4 a5 14. Nc3 Na6 15. Qb1 Bb3 16. Rc1 c5 17. Ra3 Bd5 18. Nxd5 1/2-1/2

[Event "EU-ch U18"]
[Site "Bratislava"]
[Date "2019.08.07"]
[Round "6"]
[White "Omorjan, Dejan"]
[Black "Polczyk, Mikolaj"]
[Result "1-0"]
[WhiteElo "2291"]
[BlackElo "2069"]
[PlyCount "127"]
[EventDate "2019.08.02"]
[EventType "swiss"]
[EventRounds "9"]
[EventCountry "SVK"]
[SourceTitle "CBM 191 Extra"]
[Source "ChessBase"]
[SourceDate "2019.09.30"]
[SourceVersion "1"]
[SourceVersionDate "2019.09.30"]
[SourceQuality "1"]

1. Nf3 d5 2. d4 Nf6 3. c4 e6 4. Nc3 dxc4 5. e3 a6 6. a4 c5 7. Bxc4 Nc6 8. 0-0 Be7 9. Qe2 cxd4 10. Rd1 e5 11. exd4 exd4 12. Nxd4 Nxd4 13. Qe5 Qd6 14. Qxd6 Bxd6 15. Rxd4 Bc5 16. Rd1 0-0 17. h3 h6 18. Bf4 Bf5 19. Nd5 Ne4 20. Be3 Rae8 21. Bd3 Bxe3 22. Nxe3 Bg6 23. Rac1 Rd8 24. Bc4 Nf6 25. f3 Rxd1+ 26. Rxd1 b5 27. axb5 axb5 28. Bf1 b4 29. Rd4 Rb8 30. b3 Kf8 31. Kf2 Ke7 32. g4 Bb1 33. Rd1 Bh7 34. Rd4 Bb1 35. h4 g5 36. h5 Bh7 37. Bd3 Bxd3 38. Rxd3 Ke6 39. Nf5 Ne8 40. Ke3 Ke5 41. Nxh6 Nd6 42. Rxd6 Kxd6 43. Nxf7+ Ke7 44. Nxg5 Rc8 45. Ne4 Rc1 46. g5 Rb1 47. Nd2 Rh1 48. h6 Kf7 49. f4 Kg6 50. Nf3 Kf5 51. Nd4+ Kg6 52. Ke4 Re1+ 53. Kd5 Rf1 54. Ne6 Re1 55. Nf8+ Kf7 56. Nd7 Rd1+ 57. Kc6 Kg6 58. Ne5+ Kh7 59. f5 Rf1 60. f6 Rf5 61. f7 Rf1 62. Kd6 Rf2 63. Ke7 Rf1 64. g6+ 1-0

[Event "EU-ch U18"]
[Site "Bratislava"]
[Date "2019.08.06"]
[Round "5"]
[White "Polczyk, Mikolaj"]
[Black "Castillo Dalmau, Albert"]
[Result "1/2-1/2"]
[WhiteElo "2069"]
[BlackElo "2241"]
[PlyCount "71"]
[EventDate "2019.08.02"]
[EventType "swiss"]
[EventRounds "9"]
[EventCountry "SVK"]
[SourceTitle "CBM 191 Extra"]
[Source "ChessBase"]
[SourceDate "2019.09.30"]
[SourceVersion "1"]
[SourceVersionDate "2019.09.30"]
[SourceQuality "1"]

1. d4 Nf6 2. c4 e6 3. Nf3 Bb4+ 4. Bd2 Qe7 5. g3 Bxd2+ 6. Qxd2 Nc6 7. Bg2 Ne4 8. Qc2 Qb4+ 9. Kf1 d5 10. e3 0-0 11. Nbd2 f5 12. a3 Qe7 13. b4 Bd7 14. h4 Be8 15. Kg1 a6 16. Bf1 h6 17. Rc1 Rc8 18. Kg2 g5 19. hxg5 hxg5 20. Bd3 Kg7 21. Rh2 g4 22. Ng1 Nd8 23. cxd5 exd5 24. Ne2 Ne6 25. Rch1 Bg6 26. Nf4 Nxf4+ 27. gxf4 Nd6 28. Nf1 c6 29. Ng3 Qe6 30. Qc5 Rh8 31. Qc1 Rxh2+ 32. Rxh2 Rh8 33. Rxh8 Kxh8 34. Qh1+ Kg7 35. Qh4 Qf6 36. Qxf6+ 1/2-1/2

[Event "EU-ch U18"]
[Site "Bratislava"]
[Date "2019.08.03"]
[Round "2"]
[White "Blohberger, Felix"]
[Black "Polczyk, Mikolaj"]
[Result "1-0"]
[WhiteElo "2467"]
[BlackElo "2069"]
[PlyCount "81"]
[EventDate "2019.08.02"]
[EventType "swiss"]
[EventRounds "9"]
[EventCountry "SVK"]
[SourceTitle "CBM 191 Extra"]
[Source "ChessBase"]
[SourceDate "2019.09.30"]
[SourceVersion "1"]
[SourceVersionDate "2019.09.30"]
[SourceQuality "1"]

1. Nf3 d5 2. g3 Nf6 3. Bg2 c5 4. c4 Nc6 5. cxd5 Nxd5 6. Nc3 Nc7 7. 0-0 e5 8. a3 Be7 9. b4 Be6 10. Rb1 cxb4 11. axb4 a6 12. b5 axb5 13. Nxb5 0-0 14. d3 Ra5 15. Nxc7 Qxc7 16. Bd2 Ra2 17. Rb5 Na7 18. Rxe5 Bf6 19. Rxe6 Ra1 20. Qxa1 Bxa1 21. Rxa1 fxe6 22. Rxa7 Qc2 23. Rxb7 Qd1+ 24. Be1 Qxe2 25. Bb4 Rc8 26. h4 h6 27. Bd2 Rf8 28. Bf4 Qxd3 29. Ne5 Qd1+ 30. Kh2 Qc2 31. Be3 Qf5 32. Nc6 Qc2 33. Nd4 Qg6 34. Re7 Re8 35. Be4 Qh5 36. Bf3 Qg6 37. h5 Qxh5+ 38. Bxh5 Rxe7 39. Bg4 e5 40. Nc6 Re8 41. Bd7 1-0

[Event "EU-ch U18"]
[Site "Bratislava"]
[Date "2019.08.02"]
[Round "1"]
[White "Polczyk, Mikolaj"]
[Black "Ludvik, Tomas"]
[Result "1/2-1/2"]
[WhiteElo "2069"]
[BlackElo "2346"]
[PlyCount "89"]
[EventDate "2019.08.02"]
[EventType "swiss"]
[EventRounds "9"]
[EventCountry "SVK"]
[SourceTitle "CBM 191 Extra"]
[Source "ChessBase"]
[SourceDate "2019.09.30"]
[SourceVersion "1"]
[SourceVersionDate "2019.09.30"]
[SourceQuality "1"]

1. d4 d5 2. c4 c6 3. cxd5 cxd5 4. Nf3 Nf6 5. Nc3 Nc6 6. Bf4 a6 7. Rc1 Bf5 8. e3 Rc8 9. Be2 e6 10. 0-0 Bd6 11. Bxd6 Qxd6 12. Na4 0-0 13. Nc5 Rc7 14. Qb3 Qe7 15. Qb6 Rfc8 16. Rc3 e5 17. dxe5 Nxe5 18. Nxe5 Rxc5 19. Rxc5 Rxc5 20. Nf3 Rc6 21. Qa7 Rc7 22. Nd4 Be6 23. Bd3 g6 24. Ne2 Qb4 25. Qd4 Qxd4 26. Nxd4 Kf8 27. Rd1 Ke7 28. Kf1 Nd7 29. h3 Ne5 30. Ke2 f6 31. b3 Bf7 32. Bb1 a5 33. Kd2 Rc5 34. Rc1 Kd6 35. a4 Rxc1 36. Kxc1 Kc5 37. Kb2 Nc6 38. Kc3 Nxd4 39. exd4+ Kd6 40. b4 b6 41. b5 h6 42. Kd2 g5 43. Ke3 Bh5 44. f3 Ke6 45. g4 1/2-1/2

[Event "POL-ch U18"]
[Site "Szklarska Poreba"]
[Date "2019.03.16"]
[Round "9"]
[White "Polczyk, Mikolaj"]
[Black "Pacan Milej, Kosma"]
[Result "1-0"]
[WhiteElo "2131"]
[BlackElo "2265"]
[PlyCount "81"]
[EventDate "2019.03.09"]
[EventType "swiss"]
[EventRounds "9"]
[EventCountry "POL"]
[SourceTitle "CBM 189 Extra"]
[Source "ChessBase"]
[SourceDate "2019.05.31"]
[SourceVersion "1"]
[SourceVersionDate "2019.05.31"]
[SourceQuality "1"]

1. d4 Nf6 2. c4 c5 3. d5 b5 4. cxb5 a6 5. f3 axb5 6. e4 Qa5+ 7. Bd2 b4 8. Na3 d6 9. Nc4 Qd8 10. a3 e6 11. dxe6 Bxe6 12. axb4 Rxa1 13. Qxa1 d5 14. exd5 Nxd5 15. Ne5 Bd6 16. Bb5+ Kf8 17. Nc4 Nxb4 18. Bxb4 Bxc4 19. Bxc4 cxb4 20. b3 Qh4+ 21. Kf1 Bc5 22. g3 Qe7 23. Qa8 Bd6 24. Nh3 g6 25. Qd5 h6 26. Kg2 Kg7 27. Re1 Qf6 28. Nf2 Rd8 29. Ng4 Qf5 30. Ne5 Bc7 31. Qxf7+ Qxf7 32. Nxf7 Rd2+ 33. Kh3 Nc6 34. Re6 Na5 35. Re7 Nxc4 36. Rxc7 Ne3 37. Ne5+ Kf6 38. Nc4 Nxc4 39. Rxc4 Rd3 40. Rxb4 g5 41. Kg4 1-0

[Event "POL-ch U18"]
[Site "Szklarska Poreba"]
[Date "2019.03.15"]
[Round "8"]
[White "Majocha, Piotr"]
[Black "Polczyk, Mikolaj"]
[Result "0-1"]
[WhiteElo "2028"]
[BlackElo "2131"]
[PlyCount "98"]
[EventDate "2019.03.09"]
[EventType "swiss"]
[EventRounds "9"]
[EventCountry "POL"]
[SourceTitle "CBM 189 Extra"]
[Source "ChessBase"]
[SourceDate "2019.05.31"]
[SourceVersion "1"]
[SourceVersionDate "2019.05.31"]
[SourceQuality "1"]

1. Nf3 Nf6 2. c4 g6 3. Nc3 Bg7 4. g3 c6 5. Bg2 d5 6. cxd5 cxd5 7. d4 Ne4 8. Qb3 Nxc3 9. Qxc3 Nc6 10. e3 Bf5 11. 0-0 Rc8 12. Qa3 0-0 13. b3 Re8 14. Bd2 Qb6 15. Rac1 e6 16. Rfd1 Bf8 17. Qb2 Nb4 18. Bxb4 Qxb4 19. Rxc8 Rxc8 20. Rc1 Rxc1+ 21. Qxc1 Qa3 22. Qxa3 Bxa3 23. Bf1 Bb1 24. Be2 Bxa2 25. Bd1 Bb1 26. Ne1 Bb4 27. Bc2 Bxc2 28. Nxc2 Bd6 29. Kf1 Kf8 30. Ke2 Ke7 31. Kd3 Kd7 32. Kc3 a5 33. f3 b5 34. e4 h5 35. exd5 exd5 36. Ne3 Bb4+ 37. Kc2 Ke6 38. h3 Be1 39. g4 Bf2 40. Kd3 Bxe3 41. Kxe3 hxg4 42. hxg4 Kd6 43. Kd3 Kc6 44. Kc3 b4+ 45. Kb2 g5 46. Ka2 Kb5 47. Kb2 a4 48. Ka2 axb3+ 49. Kxb3 f6 0-1

[Event "POL-ch U18"]
[Site "Szklarska Poreba"]
[Date "2019.03.09"]
[Round "1"]
[White "Polczyk, Mikolaj"]
[Black "Burzak, Wojciech"]
[Result "1/2-1/2"]
[WhiteElo "2131"]
[BlackElo "1666"]
[PlyCount "85"]
[EventDate "2019.03.09"]
[EventType "swiss"]
[EventRounds "9"]
[EventCountry "POL"]
[SourceTitle "CBM 189 Extra"]
[Source "ChessBase"]
[SourceDate "2019.05.31"]
[SourceVersion "1"]
[SourceVersionDate "2019.05.31"]
[SourceQuality "1"]

1. d4 d5 2. c4 Nc6 3. Nc3 dxc4 4. Nf3 Nf6 5. d5 Na5 6. Qa4+ c6 7. b4 b5 8. Qxa5 Qxa5 9. bxa5 b4 10. Nd1 cxd5 11. g3 e6 12. Bg2 Bd6 13. Bf4 Bxf4 14. gxf4 Bd7 15. Nd4 Rb8 16. Rb1 0-0 17. Nc2 Rb5 18. Rxb4 Rxb4 19. Nxb4 Rb8 20. a3 Rb5 21. Nc3 Rxa5 22. Nc2 Ba4 23. Nxa4 Rxa4 24. Kd2 Nd7 25. Rb1 g6 26. Rb4 Ra5 27. e4 Nb6 28. Kc3 dxe4 29. Bxe4 Rh5 30. Ne3 Rxh2 31. Nxc4 Nxc4 32. Rxc4 Rxf2 33. Bc6 h5 34. Kd3 h4 35. Ke3 Ra2 36. Rc3 Kg7 37. Kf3 f5 38. Re3 Kf6 39. Bd7 h3 40. Kg3 h2 41. Rxe6+ Kf7 42. Re1 Rxa3+ 43. Kxh2 1/2-1/2

[Event "Raciborz op 19th"]
[Site "Raciborz"]
[Date "2019.02.14"]
[Round "8"]
[White "Niedbala, Bartlomiej"]
[Black "Polczyk, Mikolaj"]
[Result "1/2-1/2"]
[WhiteElo "1949"]
[BlackElo "2052"]
[PlyCount "64"]
[EventDate "2019.02.09"]
[EventType "swiss"]
[EventRounds "9"]
[EventCountry "POL"]
[SourceTitle "CBM 188 Extra"]
[Source "ChessBase"]
[SourceDate "2019.02.28"]
[SourceVersion "1"]
[SourceVersionDate "2019.02.28"]
[SourceQuality "1"]

1. e4 c5 2. Nf3 Nc6 3. d4 cxd4 4. Nxd4 Nf6 5. Nc3 d6 6. Bg5 e6 7. Qd2 a6 8. 0-0-0 Nxd4 9. Qxd4 Be7 10. f3 0-0 11. h4 Qa5 12. Kb1 Rd8 13. g4 b5 14. Qd2 Bb7 15. Nd5 Qxd2 16. Nxe7+ Kf8 17. Bxd2 Kxe7 18. Ba5 Rd7 19. Rh2 Ne8 20. Rhd2 f6 21. c4 Bc6 22. cxb5 Bxb5 23. Bxb5 axb5 24. Bb4 Rad8 25. f4 Kf7 26. e5 d5 27. b3 d4 28. Kc2 Rd5 29. h5 fxe5 30. fxe5 Rxe5 31. Rxd4 Rc8+ 32. Kb2 Re2+ 1/2-1/2

[Event "POL-ch blitz"]
[Site "Szczawno Zdroj"]
[Date "2018.12.16"]
[Round "7"]
[White "Krzywda, Andrzej"]
[Black "Polczyk, Mikolaj"]
[Result "1-0"]
[WhiteElo "2178"]
[BlackElo "2040"]
[PlyCount "61"]
[EventDate "2018.12.16"]
[EventType "swiss (blitz)"]
[EventRounds "15"]
[EventCountry "POL"]
[SourceTitle "CBM 187 Extra"]
[Source "ChessBase"]
[SourceDate "2018.11.04"]
[SourceVersion "1"]
[SourceVersionDate "2018.11.04"]
[SourceQuality "1"]

1. d4 Nf6 2. c4 g6 3. Nf3 Bg7 4. g3 0-0 5. Bg2 d6 6. 0-0 Nc6 7. Nc3 a6 8. Qc2 Rb8 9. Rd1 Na5 10. c5 b5 11. e4 Bb7 12. e5 Nd5 13. Ne4 Qd7 14. b3 Nc6 15. Bb2 a5 16. a3 b4 17. a4 Rfd8 18. Rac1 Rbc8 19. Qe2 Qf5 20. Nfg5 Qd7 21. Nxf7 Rf8 22. Nfg5 dxe5 23. dxe5 e6 24. Bh3 Rce8 25. Nf6+ Bxf6 26. exf6 Qc8 27. Bxe6+ Rxe6 28. Qxe6+ Qxe6 29. Nxe6 Rxf6 30. Bxf6 Nxf6 31. Nxc7 1-0

[Event "POL-chT U20 1st League"]
[Site "Kudowa Zdroj"]
[Date "2018.07.28"]
[Round "8.20"]
[White "Pietrzak, Tomasz1"]
[Black "Polczyk, Mikolaj"]
[Result "0-1"]
[WhiteElo "1617"]
[BlackElo "2061"]
[PlyCount "154"]
[EventDate "2018.07.21"]
[EventType "team-tourn"]
[EventRounds "9"]
[EventCountry "POL"]
[SourceTitle "CBM 186 Extra"]
[Source "ChessBase"]
[SourceDate "2018.08.24"]
[SourceVersion "1"]
[SourceVersionDate "2018.08.24"]
[SourceQuality "1"]

1. d4 e6 2. Nf3 Nf6 3. g3 d5 4. Bg2 Be7 5. 0-0 0-0 6. b3 c5 7. dxc5 Bxc5 8. Ba3 Bxa3 9. Nxa3 Qa5 10. Nb1 Nc6 11. Nd4 e5 12. Nxc6 bxc6 13. Qd2 Qb6 14. c4 Be6 15. Qc3 d4 16. Qc2 Rad8 17. Nd2 c5 18. Rfd1 Bg4 19. Nf1 Qe6 20. f3 Bf5 21. e4 Bh3 22. Qd3 a5 23. a3 Bxg2 24. Kxg2 Nd7 25. Nd2 Ra8 26. Rdb1 Rfb8 27. h3 Qa6 28. Rb2 Qd6 29. a4 Rb4 30. Nb1 Qb6 31. Raa2 Rb8 32. Nd2 Qc6 33. f4 f6 34. f5 Nb6 35. Rc2 Na8 36. g4 Nc7 37. Qg3 Qd6 38. h4 Rd8 39. g5 Ne8 40. Rc1 Rb7 41. h5 fxg5 42. Qxg5 Qf6 43. Qxf6 Nxf6 44. Rh1 g6 45. fxg6 hxg6 46. hxg6 Rg7 47. Raa1 Rxg6+ 48. Kf3 Rf8 49. Ke2 Rg2+ 50. Kd3 Rg3+ 51. Kc2 Rf7 52. Rhg1 Rfg7 53. Rxg3 Rxg3 54. Rf1 Kf7 55. Rf3 Rxf3 56. Nxf3 Ke6 57. Ng5+ Ke7 58. Kd3 Ng4 59. Ke2 Ne3 60. Kd2 Kf6 61. Nh7+ Ke7 62. Ng5 Ng4 63. Ke2 Ne3 64. Kd2 Ng2 65. Ke2 Nf4+ 66. Kd2 Ng2 67. Ke2 Nf4+ 68. Kd2 Kf6 69. Nf3 Ng6 70. Ne1 Nf4 71. Nf3 Ke6 72. Ng5+ Ke7 73. Nh7 Ne6 74. Ke2 Kf7 75. Kf3 Kg7 76. Kg4 Kxh7 77. Kf5 d3 0-1

[Event "POL-chT U20 1st League"]
[Site "Kudowa Zdroj"]
[Date "2018.07.23"]
[Round "3.8"]
[White "Czechowski, Jakub"]
[Black "Polczyk, Mikolaj"]
[Result "0-1"]
[WhiteElo "1880"]
[BlackElo "2061"]
[PlyCount "62"]
[EventDate "2018.07.21"]
[EventType "team-tourn"]
[EventRounds "9"]
[EventCountry "POL"]
[SourceTitle "CBM 186 Extra"]
[Source "ChessBase"]
[SourceDate "2018.08.24"]
[SourceVersion "1"]
[SourceVersionDate "2018.08.24"]
[SourceQuality "1"]

1. d4 Nf6 2. c4 g6 3. Nc3 Bg7 4. e4 d6 5. f3 0-0 6. Be3 a6 7. Qd2 Nbd7 8. Nge2 b5 9. cxb5 axb5 10. Nxb5 c6 11. Na3 e5 12. Nc3 d5 13. dxe5 Nxe5 14. Be2 dxe4 15. Qxd8 Rxd8 16. fxe4 Nd3+ 17. Bxd3 Rxd3 18. Bd2 Nxe4 19. Nxe4 Bxb2 20. Rd1 Rdxa3 21. Bh6 Bf5 22. Ng3 Bg4 23. Rd6 Re8+ 24. Kd2 Rxa2 25. Kd3 c5 26. Re1 Raa8 27. Rxe8+ Rxe8 28. Be3 c4+ 29. Kd2 c3+ 30. Kd3 Rxe3+ 31. Kxe3 c2 0-1

[Event "POL-chT U20 1st League"]
[Site "Szczyrk"]
[Date "2017.07.29"]
[Round "8.2"]
[White "Golda, Sebastian"]
[Black "Polczyk, Mikolaj"]
[Result "1-0"]
[WhiteElo "2028"]
[BlackElo "1900"]
[PlyCount "129"]
[EventDate "2017.07.22"]
[EventType "team-tourn"]
[EventRounds "9"]
[EventCountry "POL"]
[SourceTitle "EXT 2019"]
[Source "ChessBase"]
[SourceDate "2018.10.10"]
[SourceVersion "1"]
[SourceVersionDate "2018.10.10"]
[SourceQuality "1"]

1. e4 c5 2. Nf3 e6 3. d4 cxd4 4. Nxd4 Nf6 5. Nc3 Nc6 6. Ndb5 Bb4 7. Bf4 Nxe4 8. Qf3 d5 9. 0-0-0 Bxc3 10. Nc7+ Kf8 11. bxc3 Qe7 12. c4 Nb4 13. Kb2 Nxa2 14. Kxa2 Qb4 15. Be5 Rb8 16. Be2 f6 17. cxd5 Kg8 18. Bb2 exd5 19. Kb1 Bg4 20. Nxd5 Bxf3 21. Nxb4 Bxe2 22. Rd7 Bb5 23. Rc7 Nd6 24. Rd1 Nc4 25. Bd4 a5 26. Nd5 h5 27. c3 Rh6 28. Ba7 Re8 29. Rxb7 Ba4 30. Rd4 Re1+ 31. Ka2 Re2+ 32. Ka1 Re1+ 33. Rb1 Rxb1+ 34. Kxb1 Bb3 35. Bc5 Kh7 36. Nf4 a4 37. Rd7 Ne5 38. Ra7 f5 39. Bd4 Nf7 40. Kb2 Kg8 41. h4 Nd6 42. Rxg7+ Kf8 43. Ng6+ Ke8 44. Re7+ Kd8 45. Bb6+ Kc8 46. Ne5 Nb5 47. Bc5 Ra6 48. Ba3 Nxa3 49. Kxa3 Rd6 50. Kb4 Ra6 51. Kb5 Rd6 52. Kc5 Ra6 53. Nc6 a3 54. Kd6 Rxc6+ 55. Kxc6 Ba4+ 56. Kd6 a2 57. Re1 Bc2 58. Ra1 Bb1 59. c4 Kb7 60. c5 f4 61. c6+ Kb6 62. c7 Kb7 63. Kd7 Bf5+ 64. Kd8 Be6 65. f3 1-0

[Event "POL-chT U20 1st League"]
[Site "Szczyrk"]
[Date "2017.07.28"]
[Round "7.2"]
[White "Polczyk, Mikolaj"]
[Black "Warchol, Bartosz"]
[Result "1/2-1/2"]
[WhiteElo "1900"]
[BlackElo "1818"]
[PlyCount "96"]
[EventDate "2017.07.22"]
[EventType "team-tourn"]
[EventRounds "9"]
[EventCountry "POL"]
[SourceTitle "EXT 2019"]
[Source "ChessBase"]
[SourceDate "2018.10.10"]
[SourceVersion "1"]
[SourceVersionDate "2018.10.10"]
[SourceQuality "1"]

1. e4 c5 2. d3 Nc6 3. g3 g6 4. Bg2 Bg7 5. Nf3 d6 6. 0-0 e5 7. c3 Nge7 8. a3 h6 9. b4 0-0 10. Be3 b6 11. Nbd2 Be6 12. b5 Na5 13. d4 Nc4 14. Qe2 Nxe3 15. fxe3 Qd7 16. a4 Rac8 17. d5 Bg4 18. Qc4 f5 19. Nh4 Rf7 20. h3 Bh5 21. Rae1 Rcf8 22. Qd3 Bf6 23. Nhf3 Bxf3 24. Rxf3 Bg7 25. Ref1 a6 26. Kh2 axb5 27. axb5 fxe4 28. Nxe4 Rxf3 29. Rxf3 Rxf3 30. Bxf3 Nf5 31. Nf2 Qf7 32. Kg2 h5 33. c4 Bh6 34. Nd1 h4 35. g4 Ng3 36. Be4 Kg7 37. Nf2 Qf6 38. Bf3 Qg5 39. Nd1 Qe7 40. Be4 Nxe4 41. Qxe4 Qa7 42. Nf2 Qa3 43. Kf3 Qc1 44. Ke2 Qb2+ 45. Kf3 Qc1 46. Qd3 Qg1 47. Qe4 Qc1 48. Qd3 Qg1 1/2-1/2

[Event "Karvina op"]
[Site "Karvina"]
[Date "2017.07.07"]
[Round "7"]
[White "Zwardon, Vojtech"]
[Black "Polczyk, Mikolaj"]
[Result "1-0"]
[WhiteElo "2397"]
[BlackElo "1920"]
[PlyCount "59"]
[EventDate "2017.07.01"]
[EventType "swiss"]
[EventRounds "9"]
[EventCountry "CZE"]
[SourceTitle "EXT 2018"]
[Source "ChessBase"]
[SourceDate "2017.10.13"]
[SourceVersion "1"]
[SourceVersionDate "2017.10.13"]
[SourceQuality "1"]

1. c4 e5 2. g3 Nf6 3. Bg2 h6 4. Nc3 Bb4 5. Nf3 Bxc3 6. dxc3 Nc6 7. 0-0 0-0 8. Qc2 d6 9. Rd1 Qe7 10. e4 Be6 11. b3 a5 12. a4 Nd7 13. Nh4 Qf6 14. Rf1 Qd8 15. Nf5 Ne7 16. Ne3 Rb8 17. Ba3 f5 18. Bh3 g6 19. Rad1 Qe8 20. f4 Qf7 21. fxe5 Nxe5 22. Rd2 Qh7 23. Rdf2 Ng4 24. Bxg4 fxg4 25. c5 dxc5 26. Bxc5 Rxf2 27. Qxf2 b6 28. Qf6 bxc5 29. Qxe6+ Kh8 30. Rf7 1-0

[Event "POL-chT U20 1st League"]
[Site "Suchedniow"]
[Date "2016.07.27"]
[Round "5.22"]
[White "Kucharski, Bartlomiej"]
[Black "Polczyk, Mikolaj"]
[Result "1/2-1/2"]
[WhiteElo "1742"]
[BlackElo "1855"]
[PlyCount "93"]
[EventDate "2016.07.23"]
[EventType "team-tourn"]
[EventRounds "9"]
[EventCountry "POL"]
[SourceTitle "EXT 2019"]
[Source "ChessBase"]
[SourceDate "2018.10.10"]
[SourceVersion "1"]
[SourceVersionDate "2018.10.10"]
[SourceQuality "1"]

1. d4 Nf6 2. g3 g6 3. Bg2 Bg7 4. c4 0-0 5. Nf3 d6 6. 0-0 Nc6 7. Nc3 a6 8. Re1 Rb8 9. e4 e5 10. d5 Ne7 11. b4 Ne8 12. Ba3 f5 13. c5 Nf6 14. cxd6 cxd6 15. b5 fxe4 16. Ng5 Nf5 17. Ngxe4 Nxe4 18. Nxe4 axb5 19. Qd3 Ra8 20. g4 Nh4 21. h3 Nxg2 22. Kxg2 Ra6 23. Rab1 Rf7 24. Rxb5 h5 25. f3 Bh6 26. Re2 Bf4 27. Bb4 hxg4 28. fxg4 Rh7 29. Be1 g5 30. Rb3 b6 31. Bb4 Rd7 32. Qb5 Bb7 33. Qxd7 Qxd7 34. Nf6+ Kf7 35. Nxd7 Bxd5+ 36. Kf2 Bxb3 37. axb3 Ke6 38. Nf8+ Ke7 39. Ng6+ Ke6 40. Nxf4+ gxf4 41. Kf3 Ra1 42. Re1 Ra2 43. Re2 Ra1 44. Re1 Ra2 45. Re2 Ra1 46. Re1 Ra2 47. Ke4 1/2-1/2

[Event "POL-chT U19 1st League"]
[Site "Ustron"]
[Date "2015.07.30"]
[Round "6.22"]
[White "Polczyk, Mikolaj"]
[Black "Luczak, Filip"]
[Result "0-1"]
[WhiteElo "1716"]
[BlackElo "1629"]
[PlyCount "60"]
[EventDate "2015.07.25"]
[EventType "team-tourn"]
[EventRounds "9"]
[EventCountry "POL"]
[SourceTitle "EXT 2018"]
[Source "ChessBase"]
[SourceDate "2017.10.13"]
[SourceVersion "1"]
[SourceVersionDate "2017.10.13"]
[SourceQuality "1"]
[WhiteTeam "Rydultowy Ognisko U19"]
[BlackTeam "Koszalin Hetman Politechnika U19"]
[WhiteTeamCountry "POL"]
[BlackTeamCountry "POL"]

1. c4 Nf6 2. Nc3 e6 3. g3 d5 4. cxd5 exd5 5. Bg2 c6 6. d4 Bd6 7. Nf3 Bf5 8. 0-0 h6 9. Nd2 0-0 10. e4 dxe4 11. Ndxe4 Bc7 12. Nxf6+ Qxf6 13. Be3 Na6 14. Qb3 Bb6 15. Rfd1 Be6 16. Qa4 Nc7 17. Ne4 Qe7 18. Re1 Nd5 19. Bd2 Rfe8 20. Rac1 Rad8 21. Nc5 Nc7 22. Bc3 Nb5 23. Nxe6 fxe6 24. Rcd1 Qf6 25. Re4 e5 26. dxe5 Qxf2+ 27. Kh1 Nxc3 28. bxc3 Rd2 29. Qc4+ Kh8 30. Qf1 Qxg2+ 0-1

[Event "POL-chT U19 1st League"]
[Site "Ustron"]
[Date "2015.07.29"]
[Round "5.16"]
[White "Anyz, Monika"]
[Black "Polczyk, Mikolaj"]
[Result "0-1"]
[WhiteElo "1291"]
[BlackElo "1716"]
[PlyCount "114"]
[EventDate "2015.07.25"]
[EventType "team-tourn"]
[EventRounds "9"]
[EventCountry "POL"]
[SourceTitle "EXT 2018"]
[Source "ChessBase"]
[SourceDate "2017.10.13"]
[SourceVersion "1"]
[SourceVersionDate "2017.10.13"]
[SourceQuality "1"]
[WhiteTeam "Victoria Komplexbud U19"]
[BlackTeam "Rydultowy Ognisko U19"]
[WhiteTeamCountry "POL"]
[BlackTeamCountry "POL"]

1. e4 e6 2. d4 d5 3. Nd2 Nf6 4. e5 Nfd7 5. Bd3 c5 6. c3 Nc6 7. Ndf3 cxd4 8. cxd4 f6 9. exf6 Nxf6 10. a3 Bd6 11. Ne2 Qc7 12. h3 0-0 13. 0-0 e5 14. dxe5 Nxe5 15. Nfd4 Nxd3 16. Qxd3 a6 17. Bg5 Ne4 18. Rac1 Qf7 19. Nf3 Bxh3 20. Ng3 Nxg3 21. fxg3 Bf5 22. Qd2 Bxg3 23. Bh4 Bxh4 24. Nxh4 Qd7 25. Nxf5 Rxf5 26. Rxf5 Qxf5 27. Rc7 Rd8 28. Qa5 Rd7 29. Rc8+ Kf7 30. Qc5 Re7 31. Rc7 Rxc7 32. Qxc7+ Kf6 33. Qd6+ Qe6 34. Qf4+ Kg6 35. Qg3+ Kf5 36. Qh3+ Kf6 37. Qh4+ Kf7 38. Qf4+ Qf6 39. Qc7+ Ke6 40. Qb6+ Kf5 41. Qf2+ Kg4 42. Qe2+ Kf4 43. Qf2+ Ke5 44. Qe1+ Kd6 45. Qb4+ Kc6 46. Qa4+ Kb6 47. Qb4+ Ka7 48. Kh1 Qh6+ 49. Kg1 Qb6+ 50. Qxb6+ Kxb6 51. Kf2 Kc5 52. Ke2 Kc4 53. Kd2 Kb3 54. Kc1 d4 55. Kb1 d3 56. Kc1 d2+ 57. Kxd2 Kxb2 0-1